Countries Most-Visited By Queen Elizabeth II - Statistics

General Stats
  • This quiz has been taken 51,445 times
    33,376 since last reset
  • The average score is 9 of 11
Answer Stats
# Continent Country % Correct
20 Oceania Australia
99%
28 North America Canada
99%
9 North America United States
99%
10 Oceania New Zealand
97%
6 Europe France
96%
7 Europe Germany
92%
6 North America Jamaica
73%
6 North America Bahamas
69%
6 Oceania Fiji
69%
6 North America Barbados
57%
6 Europe Malta
31%
No matching quizzes found
Score Distribution
Percent of People with Each Score
Percentile by Number Answered
Your Score History
You have not taken this quiz since the last reset